| 000 | 00905cam a2200265 a 4500 | ||
|---|---|---|---|
| 999 |
_c1321 _d1321 |
||
| 003 | CoMeUDC | ||
| 005 | 20210525151336.0 | ||
| 008 | 160727s2013 ck a gr 000 0 spa d | ||
| 020 | _a9789587621075 | ||
| 040 |
_aCO-UdeC _cUdeC |
||
| 082 | 0 | 4 |
_a345.2 _bG216t |
| 100 | 1 | _aGarcía Ramírez, Julio | |
| 245 | 1 | 3 |
_aLa técnica del interrogatorio / _cJulio García Ramírez, Luis Romero Santos, Florentino García González. |
| 250 | _a3a edición ampliada y actualizada | ||
| 260 |
_aMadrid : _bEdiciones de la U, _c2013. |
||
| 300 |
_a233 p. _c23 cm. |
||
| 500 | _aAcceso on-line a contenidos complementarios www.latecnicadelinterrogatorio.es | ||
| 505 | 0 | _aParte general -- Parte especial. | |
| 650 | 1 | 4 | _aInterrogatorios |
| 650 | 1 | 4 | _aPrueba (Derecho) |
| 650 | 1 | 4 | _aInterrogatorio de testigos |
| 700 | 1 | _aRomero Santos, Luis | |
| 700 | 1 | _aGarcía González, Florentino | |
| 942 |
_2ddc _cBK |
||